Alphablanks II Quiz Stats

Quiz Updated Mar 20, 2015

Also try: Alphablanks
Challenge
Share
Tweet
Embed
Score 0/26 Timer 05:00
2 Plays Today
Hint Answer % Correct
Marinated meat cooked on a skewerKebab
96%
Garden figurine of a small humanoid with a pointy hatGnome
92.3%
Underwear resembling a G-stringThong
92%
Woman whose husband is deceasedWidow
91.4%
The 24th and last Greek letterOmega
89.5%
Important item cherished for its age or historical significanceRelic
86.2%
Surname of 'Anaconda' rapper NickiMinaj
86.2%
Another term for the first finger, pointer finger or trigger fingerIndex
84.4%
Third most popular internet search engineYahoo
83.4%
Ketchup company (US); Baked bean dynasty (UK)Heinz
81.5%
Non-rigid airship filled with helium or hydrogenBlimp
78.9%
Mischievous trick or practical joke at someone's expense Prank
78.5%
Cool or distant in manner; unapproachableAloof
78.5%
Hint Answer % Correct
Old testament city destroyed, along with Gomorrah, by God due to its wicked inhabitantsSodom
76.9%
Regurgitate or throw upVomit
75.2%
Slow speech pattern associated with some accentsDrawl
68.9%
74 in Roman numeralsLXXIV
66.7%
Long, narrow inlet with steep sides or cliffs, created by glacial erosionFjord
58.1%
Chemical element; noble gas with the atomic number 54Xenon
55.7%
Caribbean island located south of the island of Saint KittsNevis
52%
Nothing or a quantity of no importanceZilch
42.4%
Pleasant savoury taste; the fifth basic tasteUmami
40%
Duck much valued for its soft feathersEider
35.5%
A female donkeyJenny
26%
Large semi-aquatic rodent native to South AmericaCoypu
6.2%
Azerbaijani monetary unit; equal to .01 manatQepiq
2.1%

You're not logged in!

Compare scores with friends on all Sporcle quizzes.
Join for Free
OR
Log In

You Might Also Like...

Show Comments

Extras

Top Quizzes Today


Score Distribution

Your Account Isn't Verified!

In order to create a playlist on Sporcle, you need to verify the email address you used during registration. Go to your Sporcle Settings to finish the process.

Report this User

Report this user for behavior that violates our Community Guidelines.

Details: